| 000 | 00714cam a22002054a 4500 | ||
|---|---|---|---|
| 005 | 20250605164135.0 | ||
| 008 | 250528s ||||||||||||||||||||||||d | ||
| 035 | _a18724 | ||
| 020 | _a262020823 | ||
| 040 |
_aGR-AtMCL _bgre _dGR-AtMCL _eAACR2 |
||
| 245 | 1 | _aScientific Manpower / A Dilemma for Graduate Education | |
| 260 |
_bThe MIT Press, _c1971 |
||
| 300 | _a182 | ||
| 520 | _aIntroduction, Manpower Projections, National Planning, Research and University Finances, The Student and the Information Process, Implications for Graduate Education, Selected References, Index. | ||
| 700 | 1 |
_aBrown Sanborn C _94976 |
|
| 700 | 1 |
_aSchwartz Brian B _94977 |
|
| 942 | _cBK | ||
| 999 |
_c4047 _d4047 |
||